| 000 | 01088cad a22002295a 4500 | ||
|---|---|---|---|
| 001 | E149057 | ||
| 008 | 091217s2009 xxk f s000 0 eng d | ||
| 035 | _a(Sirsi) u149057 | ||
| 041 | 0 | _aeng | |
| 050 | 0 | 4 | _a333.72 $2 18 |
| 110 | 2 |
_aScotland _bScottish Government _95344 |
|
| 245 | 0 | 0 |
_aRenewable energy _bchanges to the Renewables Obligation (Scotland) Order 2009, consultation, summary of responses and Scottish Government response _h[electronic resource] |
| 260 |
_aEdinbugh _bScottish Government _c2009 |
||
| 520 | _aSets out the responses to the recent consultation on amendments to the Renewables Obligation (Scotland) Order 2009 (see E148182), and outlines whether and how these proposals will be implemented. | ||
| 521 | _aAdvanced | ||
| 590 | _aKA | ||
| 650 | 2 | 4 | _aRENEWABLES OBLIGATION (SCOTLAND) ORDER 2009 |
| 651 | 4 |
_aScotland _y1999- |
|
| 690 | _aENVIRONMENTAL AND LAND CONSULTANCY-ENERGY-RENEWABLE ENERGY | ||
| 856 | 4 | 0 |
_uhttps://www.scotland.gov.uk/Publications/2009/12/Energy-sources/Q/Page/2 _zView the report free of charge at www.scotland.gov.uk... |
| 942 | _n0 | ||
| 999 |
_c110353 _d110353 |
||